Environmental issues : essential primary sources
Roots of environmental and ecological thought, the physical earth, the biosphere, exploration, environmental legislation,...
Tallennettuna:
| Aineistotyyppi: | Kirja |
|---|---|
| Kieli: | Undetermined |
| Julkaistu: |
Detroit
Thomson Gale
2006
|
| Aiheet: | |
| Tagit: |
Lisää tagi
Ei tageja, Lisää ensimmäinen tagi!
|
| Thư viện lưu trữ: | Trung tâm Học liệu Trường Đại học Cần Thơ |
|---|
| LEADER | 00717nam a2200205Ia 4500 | ||
|---|---|---|---|
| 001 | CTU_154002 | ||
| 008 | 210402s9999 xx 000 0 und d | ||
| 020 | |c 89.271 | ||
| 082 | |a 363.7 | ||
| 082 | |b E61 | ||
| 245 | 0 | |a Environmental issues : | |
| 245 | 0 | |b essential primary sources | |
| 245 | 0 | |c K. Lee Lerner and Brenda Wilmoth Lerner, editors. | |
| 260 | |a Detroit | ||
| 260 | |b Thomson Gale | ||
| 260 | |c 2006 | ||
| 520 | |a Roots of environmental and ecological thought, the physical earth, the biosphere, exploration, environmental legislation,... | ||
| 650 | |a Environmental sciences,Human ecology,Khoa học môi trường | ||
| 904 | |i Năm | ||
| 980 | |a Trung tâm Học liệu Trường Đại học Cần Thơ | ||